| 000 | 00000nam##2200000za#4500 |
| 001 | 9.693940 |
| 003 | CaOODSP |
| 005 | 20210624233906 |
| 007 | cr ||||||||||| |
| 008 | 150407|2008||||xxc|||||o f|0| 0 eng|d |
| 020 | |a978-1-896997-82-7 |
| 040 | |aCaOODSP|beng |
| 043 | |an-cn--- |
| 086 | 1 |aEn108-4/51-2008E-PDF |
| 110 | 1 |aCanada.|bCanadian Council of Ministers of the Environment. |
| 245 | 12|aA national picture of acid deposition critical loads for forest soils in Canada |h[electronic resource] |
| 260 | |bCanadian Council of Ministers of the Environment |c2008. |
| 300 | |a8p.|bcoloured maps |
| 500 | |a"A report prepared for the CCME Acid Rain Task Group." |
| 590 | |a11-01-Supp|b2011-01-11 |
| 775 | 08|tCharges critiques de dépôts acides dans les sols forestiers – Profil de la situation au Canada |w(CaOODSP)9.638142 |
| 856 | 40|ahttp://publications.gc.ca|qPDF|s241 KB|uhttps://publications.gc.ca/collections/collection_2010/ccme/En108-4-51-2008-eng.pdf |
| 986 | |aPN 1412 |